| 000 | 00387nam a2200133 4500 | ||
|---|---|---|---|
| 999 |
_c9437 _d9437 |
||
| 003 | OSt | ||
| 005 | 20210420160430.0 | ||
| 008 | 210420b ||||| |||| 00| 0 eng d | ||
| 020 | _a9781633220690 | ||
| 082 |
_a742 _bBRA |
||
| 100 | _aMercedes Braunstein | ||
| 245 | _aPerspective for the beginning artist/more than 40 techniques for understanding the principles of perspective | ||
| 942 | _2ddc | ||